Производство исследований рек, озер, водоразделов, как путей сообщения и источников гидравлической энергии. Основные работы

Detalhes bibliográficos
Autor principal: Близняк Е. В.
Idioma:russo
Publicado em: Москва, Транспечать НКПС, 1930
Edição:2-е изд., доп.
Assuntos:
Formato: Livro
KOHA link:https://koha.lib.tpu.ru/cgi-bin/koha/opac-detail.pl?biblionumber=195863

MARC

LEADER 00000nam0a2200000 4500
001 195863
005 20231031182924.0
035 |a (RuTPU)RU\TPU\book\213677 
090 |a 195863 
100 |a 20110516d1930 km y0rusy50 ca 
101 0 |a rus 
102 |a RU 
105 |a a z 001zy 
200 1 |a Производство исследований рек, озер, водоразделов, как путей сообщения и источников гидравлической энергии. Основные работы  |f Е. В. Близняк 
205 |a 2-е изд., доп. 
210 |a Москва  |c Транспечать НКПС  |d 1930 
215 |a 340 с.  |c ил. 
320 |a Библиография в конце глав. 
320 |a Алфавитный указатель: с. 336-340. 
610 1 |a гидравлическая энергия 
610 1 |a источники 
610 1 |a реки 
610 1 |a озера 
610 1 |a водоразделы 
610 1 |a пути сообщения 
610 1 |a исследования 
675 |a 556.3  |v 3 
700 1 |a Близняк  |b Е. В. 
801 1 |a RU  |b 63413507  |c 20110516 
801 2 |a RU  |b 63413507  |c 20111129  |g RCR 
942 |c BK